| 000 | 00603nam a2200229Ia 4500 | ||
|---|---|---|---|
| 005 | 20250425162844.0 | ||
| 008 | 250425s9999 xx 000 0 und d | ||
| 020 | _a¨0764118269 | ||
| 041 | _aeng | ||
| 082 |
_a636.6 _pKOE |
||
| 100 | _aKoepff, Christa; Ramagnano, April | ||
| 245 | 0 |
_aThe finch handbook _cChrista Koepff, April Ramagnano |
|
| 250 | _a2nd ed | ||
| 260 |
_aNew York _bBARRONS _c2001 |
||
| 300 | _a145 paginas | ||
| 500 | _aContiene indice | ||
| 650 | _aManual de 50 especies | ||
| 650 | _aNutrición | ||
| 902 |
_aBibliográfico _cImpreso |
||
| 942 | _c01 | ||
| 010 | _a114374 | ||
| 999 |
_c237823 _d237823 |
||